000 00769nam a2200229Ia 4500
003 GCL
005 20240530110121.0
008 140319s9999 xx 000 0 ara d
040 _aGCL /
_cGCL
082 0 4 _a953.08
_bع ن
100 1 _aعبدالمنعم ماجد
245 1 0 _aنظم الفاطمين ورسومهم فى مصر /
_cعبدالمنعم ماجد
246 _a=INSTITUTIONS ET CEREMONIAL DES FATIMIDES EN EGYTBTE
250 _aالثالثة
_bمزيدة ومنقحة
260 _aالقاهرة :
_bمكتبة الانجلوالمصرية ،
_c1985
300 _a2 مجلد ؛
_c24 سم
650 0 4 _aمصر
650 0 4 _aتاريخ
650 0 4 _aالدولة الفاطمية
700 _aعبدالمنعم ماجد
942 _2ddc
_cBK
999 _c58702
_d58702